MDQL
is popping MORE tags! Check the
thread
!
Quizzes
Events
Quiz Creation
Community
Videos
Private Events
Remove Ads
Sign In
Join for FREE
Feedback
Dark Mode
Quiz Categories
Sports
Geography
Music
Movies
Television
Just For Fun
Miscellaneous
History
Literature
Language
Science
Gaming
Entertainment
Religion
Holiday
For Kids
Quiz Lab
Recent
Popular Today
Quiz Kudos Today
Editor Picks
Curator Picks
Quizzes by...
Day
Popularity
Type
Ratings
Length
Year
Community
Subscriptions
Recent Discussions
Orange Saloon
Badges
Playlists
Quests
Create
Leaderboards
Showdown
Live 5
Trivia Bingo
Activity
Puzzle Library
Sporcle Events
Private Events
Virtual Trivia
Globe League
Become a Host
Pub Owners
SporcleCon
Opinionation
Our Games
Videos
Blog
Mobile Apps
Partnerships
Remove Ads and Go Orange
Feedback
Gaming
Video Games
Board Games
Card Games
Pokémon
Mario
Nintendo
Minecraft
Console
Toys
Legend of Zelda
Gaming
Video Games
Board Games
Card Games
Pokémon
Mario
Nintendo
Minecraft
Console
Toys
Legend of Zelda
Random Quiz
Search Sporcle
×
Quiz Lab
Quiz Lab
Gaming
World
Type in answers that appear in a list
Type in answers that appear in a list
Classic
Best Score? Go Orange.
Civilization II Wonders Stats
Can you name the Civilization 2 Wonders of the World?
By
crashintoavan
6m
28 Questions
914 Plays
914 Plays
914 Plays
Comments
Comments
Give Quiz Kudos
Give Quiz Kudos
-
- Ratings
hide this ad
Replay
Link that replays current quiz
Next Quiz
Link to next quiz in quiz playlist
You Got
0%
They Got
Avg Score
65%
Avg Friend Score
Upgrade to see
Score Distribution
Jump to the score distribution portion of the page
Score
0/28
Timer
06:00
0
Plays Today
% Correct
Pyramids
93.3%
Great Wall
90.7%
Hanging Gardens
87%
Colossus
85.4%
Lighthouse
77.9%
Great Library
76.8%
Leonardo's Workshop
72.2%
Eiffel Tower
71.8%
Manhattan Project
69.6%
Statue of Liberty
69.6%
Oracle
68.1%
Apollo Program
67%
United Nations
62%
Cure for Cancer
61.5%
% Correct
J.S. Bach's Cathedral
61.5%
Magellan's Expedition
60.7%
Darwin's Voyage
60.1%
Sun Tzu's War Academy
59.2%
Hoover Dam
56.8%
Women's Suffrage
56.8%
SETI Program
55.9%
Adam Smith's Trading Company
54.5%
King Richard's Crusade
53.3%
Isaac Newton's College
52%
Shakespeare's Theatre
50.2%
Michelangelo's Chapel
50.1%
Marco Polo's Embassy
49.1%
Copernicus' Observatory
48.5%
Quiz Playlist
Details
Report
Send in Message
Add To Playlist
Classic:
Type in answers that appear in a list
Last Updated: May 29, 2017
Quiz Scoreboard
CHALLENGE
Sign Up to Join the Scoreboard
Show All
Scores
Hide
Comments
May contain spoilers
Recently Published
Holiday 10x10 Sorting Gallery
by lukepisani3
Holiday
15m
Two Season TV Shows II
by 123Four
Television
10m
Image Sorting: Flags VI
by Barbecue
Geography
2m
More to Explore
Quiz From the Vault
Featured Blog Post
14 Easter Pick-up Lines to Find Eggs With
hide this ad
You Might Also Like...
Tags
World Quiz
Civilization
Wonder
Today's Top Quizzes in Gaming
Browse Gaming
hide this ad
Today's Top Quizzes in World
Browse World
Top Contributed Quizzes in Gaming
1
League of Legends Pro Players by Career/Team History
2
Genshin Impact Logic Puzzle
3
Destiny 2 exotic weapons by perk icons
4
Genshin Impact Logic Puzzle Quiz
5
Genshin murder mystery
6
4x4 Decades: Video Games
7
Who's on the WWE 2K24 Cover?
8
Ultimate Genshin Impact Logic Puzzle (up to 4.3)
9
Dead By Daylight Logic Puzzle
10
Undertale Logic Puzzle
Explore More
Trending Topics
Harry Potter
Marvel
Disney
Kpop
Anime
Crossword
NBA
Soccer
Country
The Office
Pokémon
Puzzle
Song
WWE
NFL
hide this ad
More By:
crashintoavan
Quiz
Plays
Rating
Category
Featured
Created
U.S. Roadtrip, eh?
11,875
3.21
Geography
Apr 3, 2010
African-American Cities of the U.S.
10,323
4.43
Geography
Mar 28, 2010
Chinese-American Cities
4,401
4.50
Geography
May 16, 2010
Kennedy/Lincoln Similarities
929
3.09
History
Apr 2, 2010
Civilization II Wonders
914
4.43
Gaming
Feb 20, 2010
Go to Creator's Profile
Score Distribution
Quiz Creator Spotlight
crashintoavan
Follow
Send a Message
Quizzes Created
-
Created Quiz Play Count
-
More By This Creator
Popular Quizzes Today
1
Find the US States - No Outlines Minefield
2
Colored Red Africa Blitz
3
Find the 'City' Movie
4
The Countries of the World
5
5x2 Blitz: Bands
6
Find the US States
7
Find the Countries of Europe - No Outlines Minefield
8
US States
More Gaming Quizzes
Marvel or Capcom?
Published
Trending Quizzes
Colored Red Europe Blitz I
Colored Red Europe Blitz II
Colored Red Africa Blitz II
Colored Red Europe Blitz III
Colored Red Africa Blitz III
Recently Updated
Odd Team Out - Big 4 Players
pecheneg
Quick Pick: 20 Twenties
pecheneg
March Madness Men's Triple Doubles
pecheneg
How Do You Spell That?
pecheneg
Godzilla Movies
pecheneg
Grab Bag: 4-10 Letters
pecheneg
2024 March Madness Bracket
pecheneg
Famous TV Couples
Peacemaker
Champions League XIs: Real Madrid
pecheneg
Largest US Cities 1790-2010
pecheneg
Trending Topics
Marvel
NBA
Harry Potter
Kpop
Crossword
Disney
Anime
Puzzle
WWE
Soccer
Country
The Office
Song
NFL
Pokémon
Your Account Isn't Verified!
In order to create a playlist on Sporcle, you need to verify the email address you used during registration. Go to your
Sporcle Settings
to finish the process.
Report this User
Report this user for behavior that violates our
Community Guidelines
.
Details:
Send Report
Go to the Sporcle.com Mobile Site →
Comments